| 000 | 01034na a2200325 4500 | ||
|---|---|---|---|
| 001 | 14374 | ||
| 003 | MIRAKIL | ||
| 005 | 20181213154905.0 | ||
| 008 | 160901b tu 000 0 | ||
| 020 | _a9756803134 (C.3) | ||
| 020 | _a9759473089 (C.2) | ||
| 020 | _a9756803126 (C.1) | ||
| 020 | _a9756803126 (tk.) | ||
| 035 | _a14374 | ||
| 040 |
_aMilas _btur _cTR-AnCHP |
||
| 082 |
_aCHP 923.2 Barutçu,F.A. _bB26s 2001 |
||
| 090 | _aCHP 923.2 Barutçu,F.A. B26s 2001 | ||
| 100 | _aBarutçu, Faik Ahmet | ||
| 245 |
_aSiyasi hatıralar _bmilli mücadeleden demokrasiye _cFaik Ahmet Barutçu ; yayına hazırlayan : Mustafa Everdi |
||
| 246 | _aMilli mücadeleden demokrasiye | ||
| 260 |
_aAnkara _b21. Yüzyıl Yayınları _c2001 |
||
| 300 |
_a640 s. _c20 sm. |
||
| 490 |
_aHatıra serisi _v3 |
||
| 490 |
_a21. Yüzyıl yayınları _v16 |
||
| 600 |
_aBarutçu, Faik Ahmet _d1894-1959 _xAnılar |
||
| 650 |
_aCHP _xAnılar |
||
| 650 |
_aSiyasal yaşam _xAnılar _zTürkiye |
||
| 700 | _aEverdi, Mustafa | ||
| 942 |
_2ddc _cBKS |
||
| 999 |
_c2661 _d2661 |
||